Ochranná známka za hranice SR. 2
Návod, ako žiadať o zaregistrovanie priemyselného vlastníctva v rámci Európskej únie. Proces registrácie na Úrade pre harmonizáciu vnútorného trhu (OHIM) v Alicante. Dôvody zamietnutia prihlášky, jej zverejnenie. Úloha registra ochranných známok. Práva majiteľa ochrannej známky. Uplatňovanie ochrany...
Gespeichert in:
| 1. Verfasser: | |
|---|---|
| Format: | Buchkapitel |
| Sprache: | Slowakisch |
| Schlagworte: | |
| Tags: |
Keine Tags, Fügen Sie das erste Tag hinzu!
|
MARC
| LEADER | 00000naa a2200000 4500 | ||
|---|---|---|---|
| 001 | r020133 | ||
| 005 | 20230801103442.4 | ||
| 041 | 0 | |a slo | |
| 044 | |a SK | ||
| 245 | 1 | 0 | |a Ochranná známka za hranice SR. 2 |c D. Kyliánová |
| 520 | |a Návod, ako žiadať o zaregistrovanie priemyselného vlastníctva v rámci Európskej únie. Proces registrácie na Úrade pre harmonizáciu vnútorného trhu (OHIM) v Alicante. Dôvody zamietnutia prihlášky, jej zverejnenie. Úloha registra ochranných známok. Práva majiteľa ochrannej známky. Uplatňovanie ochrany a sankcie za porušenie práv vyplývajúcich z ochrannej známky spoločenstva. Zrušenie známky, vyhlásenie jej neplatnosti. | ||
| 610 | 2 | 0 | |a Slovensko |
| 610 | 2 | 0 | |a Európska únia |
| 610 | 2 | 0 | |a 1996 |
| 610 | 2 | 0 | |a Úrad pre harmonizáciu vnútorného trhu |
| 610 | 2 | 0 | |a OHIM |
| 610 | 2 | 0 | |a Alicante |
| 610 | 2 | 0 | |a Španielsko |
| 610 | 2 | 0 | |a vlastníctvo priemyselné |
| 610 | 2 | 0 | |a známky ochranné |
| 610 | 2 | 0 | |a registre |
| 100 | 1 | |a Kyliánová, D. | |